=LDR 00000nam 2200000 4500 =001 INLIS000000000050031 =005 20200227084005 =035 ##$$a 0010-041700000000221 =008 200227################g##########0#ind## =020 ##$$a 978-979-896-638-5 =040 ##$$a NBPDMAT =082 ##$$a 160 =090 ##$$a 160 $b Wah t =100 ##$$a Wahid, Abdurrahman =245 1#$$a Tuhan tidak perlu dibela /$c Abdurrahman Wahid =250 ##$$a Cet. 6 =260 ##$$a Jakarta :$b LKiS,$c 2011 =300 ##$$a xliv, 312 hlm. : $b ilus. ; $c 21 x 15 cm =650 #4$$a Ideologi =850 ##$$a NBPDMAT =084 ##$$a 160 WAH t =990 ##$$a 31701047 =990 ##$$a 31701048